00663nam a2200217 a 4500003000900000005001700009008004100026020002700067020003000094040001000124100002300134245005600157250001200213260004600225300001900271650002400290650002500314650001800339700002400357856006400381PK-NaQUE20250911163538.0250204b ||||| |||| 00| 0 eng d a0471098752 (paperback) a9780471098751 (paperback) cQUEST1 aHill, Frederick J.10aIntroduction to Switching Theory and Logical Design a3rd ed. a[S.l.] :bJohn Wiley and Sons Ltd,c1981. a1 v. (unpaged) aSwitching circuits. aDigital electronics. aLogic design.1 aPeterson, Gerald R.40uhttp://10.10.170.122:8080/browse/book/26453yDownload eBook